| 000 | 01251nam a2200325Ia 4500 | ||
|---|---|---|---|
| 001 | 053060 | ||
| 008 | 221003m2018 xx 000 0 spa d | ||
| 035 | _aCENDO_42760 | ||
| 041 | _aspa | ||
| 110 |
_aCCOO. _bConfederación Sindical. _bSecretaría de Mujeres e Igualdad. _929615 |
||
| 245 | 0 |
_aEducación sexual para decidir, anticonceptivos para no abortar, aborto legal para no morir : _bDía Mundial por el Acceso al Aborto Legal y Seguro por los Derechos Sexuales y Reproductivos / _cCCOO, Secretaría Confederal de Mujeres e Igualdad |
|
| 260 |
_a[Madrid : _bCCOO, Confederación Sindical, _c2018] |
||
| 300 |
_a2 p. ; _c 29 cm |
||
| 500 | _a28 de septiembre, Día de la Acción Global por un Aborto Legal y Seguro | ||
| 650 | 0 |
_aABORTO _94300 |
|
| 650 |
_aDERECHOS DE LA MUJER _9392 |
||
| 650 | 0 |
_aDIA MUNDIAL POR EL ACCESO AL ABORTO LEGAL Y SEGURO _939824 |
|
| 650 |
_aREPRODUCCION _92949 |
||
| 650 |
_aSEXUALIDAD _910298 |
||
| 650 |
_aAMERICA LATINA _91230 |
||
| 650 |
_aDERECHO PENAL _9176 |
||
| 650 | 0 |
_aMOVIMIENTO FEMINISTA _94309 |
|
| 856 |
_zPDF _uhttp://docpublicos.ccoo.es/cendoc/053060DiaMundialAborto.pdf |
||
| 901 | _a2 | ||
| 903 | _aNO | ||
| 904 | _a000 | ||
| 910 | _a2018 | ||
| 942 |
_cDOCU_ELEC _2ddc |
||
| 999 |
_c42759 _d42759 |
||